00000000nam##2200000za#4500
0019.576410
003CaOODSP
00520210624185127
007cr |||||||||||
008150406|1982||||xxc|||||o    f|0| 0 eng|d
040 |aCaOODSP|beng
043 |an-cn---
0861 |aFs97-13/367E-PDF
1101 |aCanada. |bDepartment of Fisheries and Oceans.
24510|aLife-history data on alewife and blueback herring, Mactacqua DAM, 1975-81 / |h[electronic resource]|cby B.H. Jessop, A.H. Vromans and W.E. Anderson.
260 |aSt. John's - Newfoundland and Labrador : |bFisheries and Oceans Canada |c1982.
300 |a54p.|bfigs., references, tables
4901 |aCanadian data report of fisheries and aquatic sciences|vNo. 367
500 |aOn t.p. Freshwater and Anadromous Division Resource Branch, Halifax, Nova Scotia. Catalogue number of the print edition appears in the PDF version.
546 |a(Résumé en français)
590 |a13-12-Supp|b2013-05-10
7201 |aJessop, B. H.
7201 |aVromans, A. H.
7201 |aAnderson, W. E.
830#0|aCanadian data report of fisheries and aquatic sciences ;|vNo. 367|w(CaOODSP)9.505124
85640|ahttp://publications.gc.ca|qPDF|s638 KB|uhttps://publications.gc.ca/collections/collection_2013/mpo-dfo/Fs97-13-367-eng.pdf|yNo. 367